| 000 | 00344nam a22001457a 4500 | ||
|---|---|---|---|
| 008 | 250709b ||||| |||| 00| 0 eng d | ||
| 020 | _a9789995687069 | ||
| 041 | _aSHQIP | ||
| 080 |
_22010 _a001 |
||
| 082 | _a001 | ||
| 100 | _a1 | ||
| 101 | _aGJUHE DHE LETERSI | ||
| 245 |
_aNE KERKIM TE FEMIJES SE HUMBUR _cRIDVAN DIBRA |
||
| 942 |
_2udc _cBK |
||
| 999 |
_c60732 _d60732 |
||